000 00342nam a2200145Ia 4500
008 221030s9999 xx 000 0 und d
041 _aEnglish
082 _a105.23
100 _aAvinash Sharma/90
245 0 _aContributory Provident Fund Information system
250 _a2005
260 _aJammu
_c2005
650 _aMCA
942 _cTH
999 _c6146
_d6146